| 000 | 00381nam a2200145 a 4500 | ||
|---|---|---|---|
| 001 | 2557 | ||
| 003 | CDMR | ||
| 005 | 20130116135233.0 | ||
| 008 | 130130s1997||||||||||||||||||||||||||||d | ||
| 040 |
_aCDMR _bcat _cCPC GIRONA |
||
| 100 | 1 |
_aBranchadell, Albert _91918 |
|
| 245 | 1 | 0 |
_aLiberalisme i normalització lingüística _cBranchadell, Albert |
| 260 |
_c1997 _bEmpúries |
||
| 942 | _cMON | ||
| 999 |
_c2557 _d2557 |
||